<?xml version="1.0" encoding="UTF-8"?>
<record
    xmlns:xsi="http://www.w3.org/2001/XMLSchema-instance"
    xsi:schemaLocation="http://www.loc.gov/MARC21/slim http://www.loc.gov/standards/marcxml/schema/MARC21slim.xsd"
    xmlns="http://www.loc.gov/MARC21/slim">

  <leader>01881nam a22002777a 4500</leader>
  <controlfield tag="008">170114s2015        xxu||||| |||| 00| 0 spa d</controlfield>
  <datafield tag="020" ind1=" " ind2=" ">
    <subfield code="a">9780692539774</subfield>
  </datafield>
  <datafield tag="082" ind1="0" ind2="4">
    <subfield code="a">707</subfield>
    <subfield code="b">D536d</subfield>
  </datafield>
  <datafield tag="110" ind1="1" ind2=" ">
    <subfield code="a">DialogicCENTRALsolutions.</subfield>
    <subfield code="9">5695</subfield>
  </datafield>
  <datafield tag="245" ind1="1" ind2="0">
    <subfield code="a">DialogicCENTRALsolutions /</subfield>
    <subfield code="c">curadur&#xED;a por Roc Lesaca ; ArtCenter/South Florida.</subfield>
  </datafield>
  <datafield tag="250" ind1=" " ind2=" ">
    <subfield code="a">1a ed.</subfield>
  </datafield>
  <datafield tag="260" ind1=" " ind2=" ">
    <subfield code="a">Florida, Estados Unidos :</subfield>
    <subfield code="b">ArtCenter/South Florida,</subfield>
    <subfield code="c">2015.</subfield>
  </datafield>
  <datafield tag="300" ind1=" " ind2=" ">
    <subfield code="a">7 vol&#xFA;menes. </subfield>
  </datafield>
  <datafield tag="500" ind1=" " ind2=" ">
    <subfield code="a">Adicional a la publicaci&#xF3;n de esta serie, el programa DialogicCENTRALsolutions present&#xF3; el simposio "Central What? Central America!", sobre la pr&#xE1;ctica del arte contempor&#xE1;neo en la regi&#xF3;n, as&#xED; como una exhibici&#xF3;n y performance a cargo de la artista guatemalteca Regina Jos&#xE9; Galindo.</subfield>
  </datafield>
  <datafield tag="505" ind1="0" ind2=" ">
    <subfield code="t">El sue&#xF1;o de ser Centroam&#xE9;rica (o el amor a la vida) / The dream of beign Central America (or the love of live)</subfield>
    <subfield code="r">Marvi V&#xE9;liz.</subfield>
    <subfield code="t">/</subfield>
    <subfield code="r">Regina Jos&#xE9; Galindo.</subfield>
    <subfield code="t">Contemporary El Salvador speaks / El Salvador contemp&#xF3;raneo habla /</subfield>
    <subfield code="r">Claire Breukel.</subfield>
    <subfield code="t">Panawhat? en busca de la identidad paname&#xF1;a / Panawhat? in search of the panamanian identity</subfield>
    <subfield code="r">Dari&#xE9;n Monta&#xF1;ez.</subfield>
    <subfield code="t">FOCA especulaci&#xF3;n sobre las nuevas direcciones de la fotogr&#xE1;fia Centroamericana / Speculation on new directions in Central American photography /</subfield>
    <subfield code="r">Walterio Iraheta.</subfield>
    <subfield code="t">Anti-postales de Miami what? / Antipostcards of Miami what?</subfield>
    <subfield code="r">Rosina Cazali.</subfield>
    <subfield code="t">TEOR/&#xE9;tica: la persistencia de un lugar en proceso / TEOR/&#xE9;tica: the persistence of a place in process /</subfield>
    <subfield code="r">Gabriela Sa&#xE9;nz-Shelby.</subfield>
  </datafield>
  <datafield tag="653" ind1="1" ind2="0">
    <subfield code="a">Arte contempor&#xE1;neo </subfield>
  </datafield>
  <datafield tag="653" ind1="1" ind2="0">
    <subfield code="a">Arte - Centroam&#xE9;rica</subfield>
  </datafield>
  <datafield tag="653" ind1="1" ind2="0">
    <subfield code="a">Arte - Investigaci&#xF3;n</subfield>
  </datafield>
  <datafield tag="653" ind1="1" ind2="0">
    <subfield code="a">Arte - Cr&#xED;tica e investigaci&#xF3;n</subfield>
  </datafield>
  <datafield tag="653" ind1="1" ind2="0">
    <subfield code="a">Identidad art&#xED;stica</subfield>
  </datafield>
  <datafield tag="653" ind1="1" ind2="0">
    <subfield code="a">Arte - Costa Rica</subfield>
  </datafield>
  <datafield tag="653" ind1="1" ind2="0">
    <subfield code="a">Arte - Salvador</subfield>
  </datafield>
  <datafield tag="653" ind1="1" ind2="0">
    <subfield code="a">Arte - Panam&#xE1;</subfield>
  </datafield>
  <datafield tag="653" ind1="1" ind2="0">
    <subfield code="a">Artistas centroamericanos</subfield>
  </datafield>
  <datafield tag="700" ind1="1" ind2=" ">
    <subfield code="a">Lesaca, Roc.</subfield>
    <subfield code="e">curador.</subfield>
    <subfield code="9">5696</subfield>
  </datafield>
  <datafield tag="999" ind1=" " ind2=" ">
    <subfield code="c">1115</subfield>
    <subfield code="d">1115</subfield>
  </datafield>
  <datafield tag="952" ind1=" " ind2=" ">
    <subfield code="0">0</subfield>
    <subfield code="1">0</subfield>
    <subfield code="2">ddc</subfield>
    <subfield code="4">0</subfield>
    <subfield code="7">0</subfield>
    <subfield code="a">LV</subfield>
    <subfield code="b">LV</subfield>
    <subfield code="c">Monograf&#xED;as</subfield>
    <subfield code="d">2017-01-14</subfield>
    <subfield code="l">0</subfield>
    <subfield code="o">707 D536d</subfield>
    <subfield code="p">004140</subfield>
    <subfield code="r">2017-01-14 00:00:00</subfield>
    <subfield code="w">2017-01-14</subfield>
    <subfield code="y">01</subfield>
  </datafield>
</record>
